MDQL
is popping MORE tags! Check the
thread
!
Quizzes
Events
Quiz Creation
Community
Videos
Private Events
Remove Ads
Sign In
Join for FREE
Feedback
Dark Mode
Quiz Categories
Sports
Geography
Music
Movies
Television
Just For Fun
Miscellaneous
History
Literature
Language
Science
Gaming
Entertainment
Religion
Holiday
For Kids
Quiz Lab
Recent
Popular Today
Quiz Kudos Today
Editor Picks
Curator Picks
Quizzes by...
Day
Popularity
Type
Ratings
Length
Year
Community
Subscriptions
Recent Discussions
Orange Saloon
Badges
Playlists
Quests
Create
Leaderboards
Showdown
Live 5
Trivia Bingo
Activity
Puzzle Library
Sporcle Events
Private Events
Virtual Trivia
Globe League
Become a Host
Pub Owners
SporcleCon
Opinionation
Our Games
Videos
Blog
Mobile Apps
Partnerships
Remove Ads and Go Orange
Feedback
Gaming
Video Games
Board Games
Card Games
Pokémon
Mario
Nintendo
Minecraft
Console
Toys
Legend of Zelda
Gaming
Video Games
Board Games
Card Games
Pokémon
Mario
Nintendo
Minecraft
Console
Toys
Legend of Zelda
Random Quiz
Search Sporcle
×
Quiz Lab
Quiz Lab
Gaming
blade
Type in answers that appear in a list
Type in answers that appear in a list
Classic
Best Score? Go Orange.
Mount & Blade: Warband - Villages Stats
Can you name the villages in Mount & Blade: Warband?
By
Eska_16
10m
109 Questions
20 Plays
20 Plays
20 Plays
Comments
Comments
Give Quiz Kudos
Give Quiz Kudos
-
- Ratings
hide this ad
More Info
Replay
Link that replays current quiz
Next Quiz
Link to next quiz in quiz playlist
You Got
0%
They Got
Avg Score
28%
Avg Friend Score
Upgrade to see
Score Distribution
Jump to the score distribution portion of the page
Score
0/109
Timer
10:00
0
Plays Today
% Correct
Jelbegi
85%
Ruvar
85%
Fearichen
80%
Fenada
80%
Odasan
80%
Jayek
75%
Kwynn
75%
Mechin
75%
Ushkuru
70%
Mit Nun
70%
Uhhun
65%
Haen
65%
Ambean
65%
Slezkh
65%
Peshmi
60%
Rizi
60%
Azgad
60%
Gisim
60%
Rduna
60%
Ryibelet
60%
Tadsamesh
60%
Tahlberl
60%
Ismirala
60%
Vayejeg
55%
Emer
55%
Jamiche
55%
Amere
55%
Emirin
55%
Ibiran
55%
Yaragar
55%
Pagundur
50%
Udiniad
45%
Aldelen
40%
Kulum
40%
Bazeck
40%
Fisdnar
40%
Mazen
40%
% Correct
Rebache
40%
Mazigh
40%
Burglen
30%
Nomar
30%
Ruluns
30%
Vezin
30%
Dirigh Aban
25%
Dumar
25%
Ibdeles
25%
Chide
25%
Tosdhar
25%
Shapeshte
25%
Zagush
20%
Buvran
20%
Serindiar
20%
Balanli
20%
Buillin
20%
Ayn Assuadi
20%
Dusturil
15%
Tash Kulun
15%
Tulbuk
15%
Chaeza
15%
Fedner
15%
Glunmar
15%
Saren
15%
Sarimish
15%
Iyindah
15%
Veidar
15%
Yalibe
15%
Ayyike
15%
Karindi
15%
Sumbuja
15%
Fishara
15%
Ada Kulun
10%
Bhulaban
10%
Dugan
10%
Kedelke
10%
% Correct
Chelez
10%
Dirigsene
10%
Istiniar
10%
Ilvia
10%
Ruldi
10%
Elberl
10%
Aab
10%
Hawaha
10%
Amashke
5%
Dashbigha
5%
Reveran
5%
Ehlerdah
5%
Nemeja
5%
Tshibtin
5%
Hanun
5%
Shulus
5%
Tebandra
5%
Mijayet
5%
Qalyut
5%
Tazjunat
5%
Bulugur
0%
Epeshe
0%
Ulburban
0%
Uslum
0%
Dhibbain
0%
Iqbayl
0%
Habba
0%
Mawiti
0%
Rushdigh
0%
Sekhtem
0%
Shibal Zumr
0%
Tamnuh
0%
Tilimsal
0%
Unriya
0%
Uzgha
0%
Quiz Playlist
Details
Report
Send in Message
Add To Playlist
More Info:
Villages are listed under the faction that controls them at the beginning of the game.
Classic:
Type in answers that appear in a list
Quiz Source
Last Updated: Feb 16, 2017
Quiz Scoreboard
CHALLENGE
Sign Up to Join the Scoreboard
Show All
Scores
Hide
Comments
May contain spoilers
Recently Published
Colored Red Africa Blitz
by spor1
Geography
30s
Find the 'City' Movie
by crazypaving
Movies
60s
5x2 Blitz: Bands
by SL_Kpop136
Music
30s
More to Explore
Quiz From the Vault
Featured Blog Post
14 Easter Pick-up Lines to Find Eggs With
hide this ad
You Might Also Like...
Tags
blade
Village
Today's Top Quizzes in Gaming
Browse Gaming
hide this ad
Top Contributed Quizzes in Gaming
1
League of Legends Pro Players by Career/Team History
2
Genshin murder mystery
3
Destiny 2 exotic weapons by perk icons
4
Dead By Daylight Logic Puzzle
5
Genshin Impact Logic Puzzle
6
Valorant Agent Developer Names (Up to Clove)
7
Overwatch 2: Ultimate Ability Icons
8
Who's on the WWE 2K24 Cover?
9
Genshin Impact Logic Puzzle Quiz II
10
4x4 Decades: Video Games
Explore More
Trending Topics
Anime
Disney
Marvel
Harry Potter
Crossword
Kpop
NBA
Soccer
Puzzle
The Office
WWE
Country
Pokémon
NFL
Song
hide this ad
More By:
Eska_16
Quiz
Plays
Rating
Category
Featured
Created
Football Clubs Minefield - England
6,743
5.00
Sports
Jun 28, 2013
Football Clubs Minefield - Italy
3,519
3.33
Sports
Jun 28, 2013
Football Clubs Minefield - Spain
2,514
3.20
Sports
Jun 28, 2013
Football Clubs Minefield - France
2,115
5.00
Sports
Jun 28, 2013
Football Clubs Minefield - Germany
2,027
4.33
Sports
Jun 28, 2013
Go to Creator's Profile
Score Distribution
Quiz Creator Spotlight
Eska_16
Follow
Send a Message
Quizzes Created
-
Created Quiz Play Count
-
More By This Creator
Popular Quizzes Today
1
Colored Red Africa Blitz
2
Find the 'City' Movie
3
5x2 Blitz: Bands
4
Find the US States - No Outlines Minefield
5
The Countries of the World
6
Find the US States
7
US States
8
Find the Countries of Europe - No Outlines Minefield
More Gaming Quizzes
Today in Video Games: July
Quiz Lab
Trending Quizzes
Colored Red Europe Blitz I
Colored Red Europe Blitz II
Colored Red Africa Blitz II
Colored Red Europe Blitz III
Colored Red Africa Blitz III
Recently Updated
How Do You Spell That?
pecheneg
Godzilla Movies
pecheneg
Grab Bag: 4-10 Letters
pecheneg
2024 March Madness Bracket
pecheneg
Famous TV Couples
Peacemaker
Champions League XIs: Real Madrid
pecheneg
Largest US Cities 1790-2010
pecheneg
Rides in Walt Disney World
pecheneg
Most Oscar Losses (Acting)
pecheneg
Beyoncé Albums
pecheneg
Trending Topics
Crossword
Disney
Harry Potter
Anime
Marvel
Kpop
NBA
Country
WWE
Song
The Office
NFL
Pokémon
Soccer
Puzzle
Your Account Isn't Verified!
In order to create a playlist on Sporcle, you need to verify the email address you used during registration. Go to your
Sporcle Settings
to finish the process.
Report this User
Report this user for behavior that violates our
Community Guidelines
.
Details:
Send Report
Go to the Sporcle.com Mobile Site →
Comments